| 000 | 00831nam a22001697a 4500 | ||
|---|---|---|---|
| 999 |
_c121109 _d121109 |
||
| 008 | 160218b2019 xxu||||| |||| 00| 0 eng d | ||
| 041 | _aeng | ||
| 100 | _aMcDonald, Rebecca | ||
| 245 |
_aWhat's in store? _bHow and why cities differ for consumers |
||
| 260 |
_bCentre for Cities _c2019 |
||
| 300 | _a44p | ||
| 520 | _aReports on the findings of research carried out by Centre for Cities in conjunction with Nationwide Building Society looking at ways to generate the high street stresses the importance of attracting highly skilled workers into the cities and towns rather than direct measures such as business rate reductions and online sales taxes. Compares towns and cities highlighting reasons for success and failure. | ||
| 651 | _aUnited Kingdom 1973 | ||
| 700 | _aRamuni, Lahari | ||
| 700 | _aTan, Lizzy | ||
| 942 | _n0 | ||